000 00576nam a2200205Ia 4500
001 15045
003 GE_BSU
008 181216s||||||||xx |||||||||||||| ||und||
040 _cGE_BSU
080 _a517.98
100 _aВулих, Б.З;
245 _aВедение в теорию полуупорядоченных пространств
245 _cРед.Д.А.Владимиров
260 _aМосква
260 _bГосиздат
260 _c1961
300 _a407стр.21см.
653 _aМатематический анализ.
942 _cBK
999 _c48163
_d48163